[Event "North American-ch U18 Girls"]
[Site "Montreal"]
[Date "2010.08.17"]
[Round "4"]
[White "Yang, Marguerite"]
[Black "Xiong, Sonja"]
[Result "0-1"]
[WhiteElo "1529"]
[BlackElo "1625"]
[PlyCount "72"]
[EventDate "2010.08.16"]
[EventType "tourn"]
[EventRounds "6"]
[EventCountry "CAN"]
[SourceTitle "EXT 2013"]
[Source "ChessBase"]
[SourceDate "2012.11.22"]
[SourceVersion "1"]
[SourceVersionDate "2012.11.22"]
[SourceQuality "1"]

1. d4 d5 2. Nf3 e6 3. Bg5 Nf6 4. Nbd2 c5 5. e3 Nbd7 6. c3 Be7 7. Bd3 b6 8. 0-0 Bb7 9. Ne5 Nxe5 10. dxe5 Nd7 11. Bxe7 Qxe7 12. f4 Rc8 13. e4 c4 14. Bc2 Nc5 15. exd5 Bxd5 16. Nf3 b5 17. Nd4 a6 18. a4 0-0 19. axb5 axb5 20. Qe2 Nb3 21. Nxb3 cxb3 22. Be4 Bc4 23. Bd3 Qc5+ 24. Kh1 Rfd8 25. Rfd1 g6 26. Bxc4 bxc4 27. Rxd8+ Rxd8 28. Rd1 Rxd1+ 29. Qxd1 Qd5 30. Qc1 Qe4 31. Kg1 Kg7 32. Qd2 Qc2 33. Qd4 Qxb2 34. g4 Qc1+ 35. Kg2 b2 36. f5 Qc2+ 0-1

[Event "CAN-ch U16/18 Girls"]
[Site "Windsor"]
[Date "2010.07.07"]
[Round "4"]
[White "Xiong, Sonja"]
[Black "Yang, Marguerite"]
[Result "1-0"]
[WhiteElo "1893"]
[BlackElo "1540"]
[PlyCount "57"]
[EventDate "2010.07.06"]
[EventType "swiss"]
[EventRounds "7"]
[EventCountry "CAN"]
[SourceTitle "EXT 2012"]
[Source "ChessBase"]
[SourceDate "2011.11.24"]
[SourceVersion "1"]
[SourceVersionDate "2011.11.24"]
[SourceQuality "1"]

1. e4 c5 2. Nf3 d6 3. d4 cxd4 4. Nxd4 Nf6 5. Nc3 g6 6. Be3 Bg7 7. f3 Nc6 8. Qd2 0-0 9. 0-0-0 Bd7 10. h4 Re8 11. g4 Ne5 12. h5 Qa5 13. Nb3 Qb4 14. a3 Nxf3 15. Qg2 Qxc3 16. bxc3 Bxg4 17. Be2 Ne5 18. hxg6 fxg6 19. Bg5 Be6 20. Bxf6 exf6 21. Qh2 Kf7 22. Rxd6 Rac8 23. Nd4 Bd7 24. Qf4 Kg8 25. Rxd7 Nxd7 26. Bb5 Re7 27. Qd6 Rxe4 28. Qd5+ Kh8 29. Bxd7 1-0

[Event "CAN-ch U16/18 Girls"]
[Site "Victoria"]
[Date "2009.07.22"]
[Round "5"]
[White "Du, Jasmine"]
[Black "Yang, Marguerite"]
[Result "1/2-1/2"]
[WhiteElo "1810"]
[BlackElo "1704"]
[PlyCount "74"]
[EventDate "2009.07.21"]
[EventType "tourn"]
[EventRounds "7"]
[EventCountry "CAN"]
[SourceTitle "EXT 2011"]
[Source "ChessBase"]
[SourceDate "2010.11.26"]
[SourceVersion "1"]
[SourceVersionDate "2010.11.26"]
[SourceQuality "1"]

1. d4 Nf6 2. c4 g6 3. Nc3 Bg7 4. e4 d6 5. Nf3 0-0 6. Be2 e5 7. dxe5 dxe5 8. Qxd8 Rxd8 9. Bg5 Re8 10. Nd5 Nxd5 11. cxd5 h6 12. Be3 f5 13. Nd2 Rd8 14. Rc1 c6 15. Bc4 Kh7 16. f3 b6 17. dxc6 Na6 18. 0-0 f4 19. Bd5 Nc7 20. Bf2 Nxd5 21. exd5 Rxd5 22. Ne4 Bf5 23. Nc3 Rd2 24. b4 Bf8 25. a3 Rc8 26. Rfd1 Rxd1+ 27. Nxd1 e4 28. fxe4 Bxe4 29. b5 g5 30. Nc3 Bf5 31. a4 Bg7 32. Nd5 Be6 33. Nc3 Bb3 34. a5 bxa5 35. Bxa7 Bc4 36. Kh1 Bxc3 37. Rxc3 Bxb5 1/2-1/2

[Event "CAN-ch U16/18 Girls"]
[Site "Victoria"]
[Date "2009.07.21"]
[Round "1"]
[White "Yang, Marguerite"]
[Black "Xiong, Sonja"]
[Result "1/2-1/2"]
[WhiteElo "1704"]
[BlackElo "1843"]
[PlyCount "89"]
[EventDate "2009.07.21"]
[EventType "tourn"]
[EventRounds "7"]
[EventCountry "CAN"]
[SourceTitle "EXT 2011"]
[Source "ChessBase"]
[SourceDate "2010.11.26"]
[SourceVersion "1"]
[SourceVersionDate "2010.11.26"]
[SourceQuality "1"]

1. d4 d5 2. c4 e6 3. Nc3 Nf6 4. Bg5 c6 5. Nf3 Nbd7 6. e3 Be7 7. cxd5 cxd5 8. Rc1 a6 9. g3 0-0 10. Bg2 b5 11. a3 Bb7 12. 0-0 Rc8 13. Qd3 Ne4 14. Bxe7 Qxe7 15. Ne5 Nxe5 16. dxe5 Nxc3 17. Rxc3 Rxc3 18. Qxc3 Rc8 19. Qd2 Qc7 20. f4 a5 21. Re1 Qb6 22. Rc1 Rxc1+ 23. Qxc1 b4 24. a4 b3 25. Bf1 d4 26. Kf2 Kf8 27. Bb5 Ke7 28. Qd2 dxe3+ 29. Qxe3 Qxe3+ 30. Kxe3 Kd8 31. Kd4 Kc7 32. Kc5 Bd5 33. Bd3 Bc6 34. Bb5 Bd5 35. Be8 f6 36. exf6 gxf6 37. g4 Bf3 38. g5 fxg5 39. fxg5 e5 40. g6 hxg6 41. Bxg6 Kd7 42. h4 Ke7 43. h5 Kf6 44. Kb5 e4 45. Bxe4 1/2-1/2